000 00705nam a2200241 i 4500
001 bg
100 1 _aSOKÓŁ, Maria
245 1 0 _aInternet :
_bprzewodnik : wiedza o Internecie w pigułce, a dodatkowo tematyczny katalog stron WWW /
_cMaria Sokół.
260 _aGliwice :
_b"Helion",
_c2004.
300 _a720 s. :
_bil. ;
_c21 cm.
504 _aIndeks.
650 9 _aInternet
650 9 _aStrony WWW
655 _aPoradniki
020 _a8373612645
040 _cBPK
041 0 _apol
080 _a004.738.5(083.1)
920 _a83-7361-264-5
942 _cKS
008 s pl f |000 0 pol
999 _c44502
_d44502
856 _uhttp://koha.tu.koszalin.pl/cgi-bin/koha/opac-detail.pl?biblionumber=44502
_yKatalog online BPK